000 00500cam a22001457a 4500
008 180718b1998 xxu||||| |||| 00| 0 eng d
082 _aAPPPA 97-98 THA/28
100 _aThapliyal, G.B.
245 _aCase study of earthquake disaster in Uttarkashi response to crisis
_cby G.B. Thapliyal
260 _aNew Delhi
_bIndian Institute of Public Administration
_c1998
300 _a175p.
500 _aAn APPPA M.Phil. dissertation, 1997-98
650 _aAPPPA
650 _aEarthquake - India - Uttarkashi
999 _c485677
_d485677